000 00570nam a2200193Ia 4500
005 20250508163101.0
008 008 250505s9999 xx 000 0 eng d
037 _aTextual
040 _aFEDL
_beng
_cFEDL
041 _aeng
_2eng
084 _a370.15, ALL
_qFEDL
245 0 _aInterpersonal relations
245 0 _cUNIVERSITY OF ALLAHABAD. Department of Education
260 _aAllahabad, India
_bUniversity of Allahabad
_c1984
300 _aii,56p
650 _aEducation - Psychology
942 _cTEXL
_h370.15, ALL
999 _c1380719
_d1380719